| 000 | 00362nam a22001217a 4500 | ||
|---|---|---|---|
| 082 |
_a624.15 _bMOS _cD |
||
| 100 |
_aU.S Army _942453 |
||
| 245 |
_aUser's guide: computer program for bearing capacity analyses of shallow foundations (CBEAR) _cU.S Army |
||
| 300 |
_bill _c20cm |
||
| 526 |
_a0 _b0 _c0 _d624_150000000000000_MOS |
||
| 650 |
_aMCE _9379 |
||
| 942 |
_2ddc _cBK |
||
| 999 |
_c546341 _d546341 |
||